000 00646cam a2200181 i 4500
005 20260427133821.0
008 250721s2002 ua gr 000 0 ara d
082 1 4 _a418.02
_bن ا ظ
100 1 _aناظميان، رضا
_eمؤلف.
245 1 2 _aالترجمة ومناهجها التطبيقية بين العربية والفارسية /
_cرضا ناظميان.
264 3 1 _aالقاهرة :
_bالدار الثقافية،
_c2002.
300 _a160 صفحة.
650 1 7 _aالترجمة.
650 1 7 _aاللغة العربية.
650 1 7 _aاللغة الفارسية.
942 _2ddc
_cBK
999 _c86660
_d86660